000 00759nam a22002177a 4500
003 UA-OsUOA
001 58034
007 ta
008 20090122b un ||||| |||| 00| 0 ukr d
100 _aРешетилова О.
090 _a908
_bР47
942 _cSA
040 _aUA-OsUOA
_bukr
_cUA-OsUOA
_dUA-OsUOA
245 _a"День" і Острозька академія продовжують традиції спілкування. Напередодні Дня Соборності України головний редактор Лариса Івшина зустрілася зі студентами
300 _aС.2
955 _a0
041 _aukr
080 _a908
773 0 _w58033
650 7 _a908 Краєзнавство
_2UDC
999 _c344117
_d344117